Lyrics to 'Train Wreck' by James Arthur - Statistics

General Stats
  • This quiz has been taken 33 times
  • The average score is 260 of 289
Answer Stats
Answer % Correct
a
100%
don't
100%
I
100%
I'm
100%
in
100%
me
100%
not
100%
out
100%
the
100%
train
100%
wreck
100%
broken
96%
can
96%
Find
96%
for
96%
my
96%
Pull
96%
pull
96%
should
96%
Should
96%
still
96%
Still
96%
To
96%
to
96%
Unbreak
96%
who
96%
And
92%
and
92%
But
92%
die
92%
God?
92%
God
92%
hope
92%
hopeless
92%
Laying
92%
myself?
92%
pray?
92%
ready
92%
this
92%
wanna
92%
words
92%
alive
88%
ashes
88%
getting
88%
it
88%
of
88%
on
88%
silence
88%
sirens
88%
these
88%
through
88%
Unsay
88%
Waiting
88%
yet
88%
You
88%
you
88%
lose
83%
spoken
83%
Unburn
83%
any
79%
be
79%
Be
79%
saviour
79%
say
79%
what
79%
Yeah
79%
down
75%
Hey
75%
knees
75%
like
75%
reactions
75%
Signs
75%
signs
75%
would
75%
help
71%
Is
71%
Unchain
71%
chance
67%
It's
67%
million
67%
need
67%
one
67%
Cause
63%
cause
63%
take
63%
odds
58%
reckless
58%
those
58%
too
58%
back
54%
home
54%
late
54%
bad
50%
blood
50%
got
50%
our
50%
Underneath
50%
build
46%
sanctum
46%
We've
46%
died
33%
see
33%
would've
29%
No matching quizzes found
Score Distribution
Percent of People with Each Score
Percentile by Number Answered
Your Score History
You have not taken this quiz